[Event "Belgrade-chT"]
[Site "Belgrade"]
[Date "2016.10.12"]
[Round "5.1"]
[White "Djuric, Stefan"]
[Black "Mihic, Bojan"]
[Result "1-0"]
[WhiteElo "2404"]
[BlackElo "2382"]
[PlyCount "55"]
[EventDate "2016.10.08"]
[EventType "team-tourn"]
[EventRounds "13"]
[EventCountry "SRB"]
[SourceTitle "EXT 2017"]
[Source "ChessBase"]
[SourceDate "2016.10.25"]
[SourceVersion "1"]
[SourceVersionDate "2016.10.25"]
[SourceQuality "1"]
[WhiteTeam "Crvena Zvezda"]
[BlackTeam "Belgrade Sigurnost"]
[WhiteTeamCountry "SRB"]
[BlackTeamCountry "SRB"]

1. e4 g6 2. d4 Bg7 3. Nf3 d6 4. Bc4 e6 5. 0-0 Ne7 6. Re1 0-0 7. h3 b6 8. Nc3 a6 9. a3 Nd7 10. Bf4 h6 11. Qd2 Kh7 12. Rad1 Bb7 13. Qe3 Nf6 14. Bh2 d5 15. exd5 Nf5 16. Qe2 exd5 17. Bd3 Nd6 18. Ne5 Nfe4 19. f3 Nxc3 20. bxc3 c5 21. dxc5 bxc5 22. c4 d4 23. Rb1 Ra7 24. Qf2 Ne8 25. Qg3 Kg8 26. Nxg6 fxg6 27. Qxg6 Nf6 28. Bb8 1-0

[Event "Belgrade-chT"]
[Site "Belgrade"]
[Date "2014.09.30"]
[Round "11.4"]
[White "Sarenac, Ivan"]
[Black "Mihic, Bojan"]
[Result "1-0"]
[WhiteElo "2403"]
[BlackElo "2398"]
[PlyCount "91"]
[EventDate "2014.09.20"]
[EventType "team-tourn"]
[EventRounds "11"]
[EventCountry "SRB"]
[SourceTitle "CBM 162 Extra"]
[Source "ChessBase"]
[SourceDate "2014.10.17"]
[SourceVersion "1"]
[SourceVersionDate "2014.10.17"]
[SourceQuality "1"]
[WhiteTeam "Delfin"]
[BlackTeam "Grocka"]
[WhiteTeamCountry "SRB"]
[BlackTeamCountry "SRB"]

1. e4 e6 2. d4 d5 3. Nc3 Nf6 4. e5 Nfd7 5. Nf3 c5 6. Bg5 Qb6 7. dxc5 Nxc5 8. Qd2 Nc6 9. 0-0-0 a6 10. h4 Bd7 11. h5 h6 12. Be3 Qa5 13. Kb1 Be7 14. Rh3 0-0-0 15. Rg3 Rhg8 16. Nd4 Qc7 17. f4 Ne4 18. Nxe4 dxe4 19. c3 f6 20. exf6 Bxf6 21. Nxc6 Bxc6 22. Qc2 Rxd1+ 23. Qxd1 Rd8 24. Qc2 e5 25. fxe5 Qxe5 26. Rh3 Bd7 27. Rh1 Qg3 28. Bb6 Qe1+ 29. Qc1 Qxc1+ 30. Kxc1 Bg5+ 31. Kb1 Rf8 32. Bc5 Re8 33. Be2 e3 34. Rf1 Bc6 35. Rf7 Be4+ 36. Kc1 Bxg2 37. Bd6 Re6 38. Bg3 Kd8 39. Rxg7 Re7 40. Rg8+ Kd7 41. Bg4+ Kc6 42. Rg6+ Kb5 43. Be2+ Ka5 44. Bd6 Re4 45. b3 Bf4 46. Bb4+ 1-0

[Event "Belgrade-chT"]
[Site "Belgrade"]
[Date "2014.09.24"]
[Round "5.6"]
[White "Mihic, Bojan"]
[Black "Ravic, Nenad"]
[Result "1/2-1/2"]
[WhiteElo "2398"]
[BlackElo "2292"]
[PlyCount "25"]
[EventDate "2014.09.20"]
[EventType "team-tourn"]
[EventRounds "11"]
[EventCountry "SRB"]
[SourceTitle "CBM 162 Extra"]
[Source "ChessBase"]
[SourceDate "2014.10.17"]
[SourceVersion "1"]
[SourceVersionDate "2014.10.17"]
[SourceQuality "1"]
[WhiteTeam "Grocka"]
[BlackTeam "Belgrade Sigurnost"]
[WhiteTeamCountry "SRB"]
[BlackTeamCountry "SRB"]

1. Nf3 Nf6 2. g3 g6 3. Bg2 Bg7 4. 0-0 0-0 5. c4 d6 6. d4 Nc6 7. Nc3 a6 8. e4 Bg4 9. h3 Bxf3 10. Bxf3 a5 11. d5 Ne5 12. Bg2 e6 13. dxe6 1/2-1/2

[Event "Belgrade-chT"]
[Site "Belgrade"]
[Date "2012.10.02"]
[Round "2.2"]
[White "Cvetkovic, Srdjan"]
[Black "Mihic, Bojan"]
[Result "1/2-1/2"]
[WhiteElo "2401"]
[BlackElo "2393"]
[PlyCount "77"]
[EventDate "2012.10.01"]
[EventType "team-tourn"]
[EventRounds "11"]
[EventCountry "SRB"]
[SourceTitle "CBM 150 Extra"]
[Source "ChessBase"]
[SourceDate "2012.10.19"]
[SourceVersion "1"]
[SourceVersionDate "2012.10.19"]
[SourceQuality "1"]
[WhiteTeam "Belgrade Radnicki"]
[BlackTeam "Cyril i Metodije"]
[WhiteTeamCountry "SRB"]
[BlackTeamCountry "SRB"]

1. c4 e6 2. Nf3 Nf6 3. b3 d5 4. Bb2 Be7 5. g3 0-0 6. Bg2 c5 7. 0-0 Nc6 8. e3 b6 9. Qe2 Bb7 10. Rd1 Qc7 11. Nc3 dxc4 12. bxc4 Rad8 13. Rac1 Rd7 14. d3 Rfd8 15. Ne1 Nb4 16. f3 Ne8 17. a3 Nc6 18. f4 Na5 19. Nf3 a6 20. Ne5 Rd6 21. Bxb7 Qxb7 22. Ne4 Rxd3 23. Rxd3 Qxe4 24. Rxd8 Bxd8 25. Qf3 Qxf3 26. Nxf3 Nd6 27. Nd2 f6 28. e4 b5 29. cxb5 axb5 30. Rd1 Bb6 31. Kg2 Kf7 32. Bc3 Ke7 33. e5 fxe5 34. Bxe5 Ndc4 35. Nxc4 Nxc4 36. Rd3 Nxe5 37. fxe5 c4 38. Rd1 Bc5 39. Ra1 1/2-1/2

[Event "Srpska Republic-chT 1st League"]
[Site "Trebinje"]
[Date "2009.08.13"]
[Round "4"]
[White "Narancic, Vlado"]
[Black "Mihic, Bojan"]
[Result "0-1"]
[WhiteElo "2349"]
[BlackElo "2405"]
[PlyCount "96"]
[EventDate "2009.08.10"]
[EventType "team-tourn"]
[EventRounds "9"]
[EventCountry "BIH"]
[SourceTitle "EXT 2019"]
[Source "ChessBase"]
[SourceDate "2018.10.10"]
[SourceVersion "1"]
[SourceVersionDate "2018.10.10"]
[SourceQuality "1"]

1. Nf3 d5 2. g3 Nf6 3. Bg2 Bf5 4. c3 c6 5. d3 h6 6. 0-0 e6 7. Nbd2 Be7 8. Re1 0-0 9. a4 Bh7 10. a5 c5 11. Qa4 Qc7 12. b4 Nbd7 13. b5 e5 14. e4 c4 15. Ba3 Bxa3 16. Qxa3 Rac8 17. exd5 cxd3 18. c4 e4 19. Nd4 Rfe8 20. a6 b6 21. d6 Qc5 22. Qxc5 Nxc5 23. Nc6 Ra8 24. Ne7+ Kf8 25. f3 Rad8 26. Nc6 Rd7 27. Bh3 Rxd6 28. Nxa7 e3 29. Nc8 Rxc8 30. Bxc8 exd2 31. Re5 Nb3 32. Rd1 Rd8 33. Bb7 Ne8 34. a7 Nc7 35. Kf2 f6 36. Re3 Na5 37. Bc6 Nxc4 38. Re4 Bxe4 39. fxe4 Ne5 40. Rxd2 Nxc6 41. bxc6 Ra8 42. Rxd3 Rxa7 43. Rd7 Ra2+ 44. Ke3 Ne8 45. Rb7 Rc2 46. Rxb6 Ke7 47. Kd3 Rc1 48. Rb7+ Ke6 0-1

[Event "SRB-chT Cup"]
[Site "Sombor"]
[Date "2009.05.21"]
[Round "4"]
[White "Mihic, Bojan"]
[Black "Roganovic, Milos"]
[Result "0-1"]
[WhiteElo "2391"]
[BlackElo "2501"]
[PlyCount "58"]
[EventDate "2009.05.19"]
[EventType "team"]
[EventRounds "7"]
[EventCountry "YUG"]
[SourceTitle "CBM 130 Extra"]
[Source "ChessBase"]
[SourceDate "2009.07.02"]
[SourceVersion "2"]
[SourceVersionDate "2009.07.15"]
[SourceQuality "1"]

1. Nf3 Nf6 2. c4 g6 3. Nc3 d5 4. Qa4+ Bd7 5. Qb3 dxc4 6. Qxc4 Bg7 7. e4 0-0 8. e5 Ng4 9. d4 Be6 10. d5 Bf5 11. Bf4 Nd7 12. Qe2 f6 13. e6 Nde5 14. Bxe5 fxe5 15. h3 Nf6 16. Rd1 b5 17. Nxe5 b4 18. Nc6 bxc3 19. Nxd8 Raxd8 20. Qc4 cxb2 21. Bd3 Bxd3 22. Qxd3 Rxd5 23. Qe2 Rxd1+ 24. Qxd1 Rb8 25. 0-0 Ne4 26. Qf3 Nd2 27. Qf7+ Kh8 28. Rd1 Bf6 29. Kh2 Nc4 0-1

[Event "Belgrade-chT"]
[Site "Belgrade"]
[Date "2008.10.10"]
[Round "6"]
[White "Mihic, Bojan"]
[Black "Biocanin, Goran"]
[Result "1-0"]
[WhiteElo "2376"]
[BlackElo "2314"]
[PlyCount "97"]
[EventDate "2008.10.05"]
[EventType "team-tourn"]
[EventRounds "9"]
[EventCountry "YUG"]
[SourceTitle "CBM 126 Extra"]
[Source "ChessBase"]
[SourceDate "2008.11.05"]
[SourceVersion "1"]
[SourceVersionDate "2008.11.05"]
[SourceQuality "1"]

1. Nf3 d6 2. d4 Nf6 3. c4 c6 4. Nc3 Bg4 5. e4 Nbd7 6. Be2 e5 7. Be3 Be7 8. 0-0 0-0 9. Ne1 Bxe2 10. Qxe2 Re8 11. d5 Rf8 12. Nd3 Ne8 13. f3 g6 14. Rab1 f5 15. b4 Ndf6 16. dxc6 bxc6 17. c5 Qc8 18. cxd6 Bxd6 19. exf5 gxf5 20. Bh6 Rf7 21. Nxe5 Re7 22. Qc4+ Qe6 23. Qxe6+ Rxe6 24. Nc4 Nd5 25. Nxd5 cxd5 26. Nxd6 Nxd6 27. Bf4 Nb5 28. Rfe1 Rae8 29. Rxe6 Rxe6 30. Kf2 Nc3 31. Re1 Ra6 32. Ra1 Nxa2 33. b5 Ra4 34. Bd2 d4 35. g4 Kf7 36. h4 fxg4 37. fxg4 Ra3 38. h5 Kf6 39. g5+ Kf7 40. Kg2 d3 41. Kg3 Ra4 42. Rf1+ Kg8 43. Rf4 Ra3 44. Rc4 Rb3 45. Rc8+ Kf7 46. g6+ hxg6 47. h6 Nc3 48. h7 Ne4+ 49. Kf4 1-0

[Event "Belgrade-chT"]
[Site "Belgrade"]
[Date "2008.10.09"]
[Round "5"]
[White "Mihic, Bojan"]
[Black "Djosic, Slavoljub"]
[Result "1-0"]
[WhiteElo "2376"]
[BlackElo "2256"]
[PlyCount "89"]
[EventDate "2008.10.05"]
[EventType "team-tourn"]
[EventRounds "9"]
[EventCountry "YUG"]
[SourceTitle "CBM 126 Extra"]
[Source "ChessBase"]
[SourceDate "2008.11.05"]
[SourceVersion "1"]
[SourceVersionDate "2008.11.05"]
[SourceQuality "1"]

1. Nf3 b5 2. e4 Bb7 3. Bxb5 Bxe4 4. 0-0 Nf6 5. Re1 e6 6. d4 Be7 7. c4 0-0 8. Nc3 Bb7 9. d5 Bb4 10. Bg5 c6 11. dxc6 Nxc6 12. Qb3 Be7 13. Rad1 Qc7 14. Qc2 a6 15. Ba4 Rac8 16. a3 Rfd8 17. Nd5 exd5 18. cxd5 h6 19. dxc6 dxc6 20. Bf4 Bd6 21. Rxd6 Rxd6 22. Bb3 Qd8 23. Bxd6 Qxd6 24. Bxf7+ Kf8 25. Ba2 Re8 26. Rxe8+ Kxe8 27. h3 Kd8 28. b4 Kc7 29. Bb3 Kb8 30. Qc3 Qe7 31. Nd4 Qd6 32. Ne6 Ne4 33. Qxg7 Nd2 34. Qd4 Qxd4 35. Nxd4 Kc7 36. Ba2 Bc8 37. f3 Kd6 38. Kf2 c5 39. bxc5+ Kxc5 40. Nb3+ Nxb3 41. Bxb3 Kd4 42. h4 a5 43. g4 Bd7 44. Kg3 a4 45. Bf7 1-0